|
|
|
|
| LEADER |
00000nam a22000007a 4500 |
| 005 |
2014082707067.0 |
| 007 |
cr|||| |||| |
| 008 |
140827s2014 mx |||||s|||| 00||0 spa d |
| 035 |
|
|
|a 12363
|
| 040 |
|
|
|a vLex
|
| 090 |
|
|
|c 5136
|d 5136
|
| 100 |
1 |
|
|a Campoli, Gabriel Andrš
|
| 245 |
1 |
0 |
|a Manual Bs̀ico de Mediacin̤ Prc̀tica
|h [Recurso electrn̤ico] /
|c Gabriel Andrš Campoli
|
| 256 |
|
|
|a Servicio en ln̕ea
|
| 260 |
|
|
|a Mx̌ico:
|b Gabriel Andrš Campoli,
|c 2014
|
| 300 |
|
|
|a 1 recurso electrn̤ico
|
| 506 |
1 |
|
|a Disponible solo en los productos indicados
|d vLex Global
|d vLex Global (Academic Edition, excluding Law Schools)
|d vLex Global (U.S. Academic Edition, Law Schools)
|d vLex Global (U.S. Academic Edition, excluding Law Schools)
|d vLex Global (Academic Edition, Law Schools)
|
| 650 |
0 |
4 |
|a Derecho Civil
|z Mx̌ico
|
| 740 |
0 |
|
|a vLex Libros (Servicio en ln̕ea)
|
| 856 |
4 |
0 |
|u http://vlex.com/source/manual-basico-de-mediacion-practica-12363
|z Acceso restringido
|
| 942 |
|
|
|c BOOK
|
| 999 |
0 |
|
|a Civil Law
|